| 000 | 00346nam a22001337a 4500 | ||
|---|---|---|---|
| 999 |
_c533928 _d533928 |
||
| 020 | _a1851525041 | ||
| 040 | _cMSOHAIL | ||
| 082 | _a839.8136 | ||
| 100 |
_aHans Christian Andersen _927986 |
||
| 245 | _aThe Complete Illustrated Works of Hans Christian Andersen | ||
| 260 |
_aLondon _bBounty Books _cc2007 |
||
| 300 | _a948;pxv | ||
| 942 |
_2ddc _cBK |
||